000 00719nam a22001817a 4500
003 UA-OsUOA
001 15229
007 ta
008 20031103b un ||||| |||| 00| 0 ukr d
100 _aЦимбалюк М.
942 _cSA
040 _aUA-OsUOA
_cUA-OsUOA
_dUA-OsUOA
245 _aМіліції не треба дешевого авторитету : [Про це повідомив журналістам на колегії начальник УМВС України в Рівнен. обл. М.Цимбалюк]
_cМ. Цимбалюк; /С.Андрійчук
300 _aС.1-2
955 _a0
773 0 _w0
_tОго
_dРівне
_d2003
_g№123/22 лип./
650 7 _aКраєзнавча робота
_2UDC
999 _c301394
_d301394